000 00302nam a2200121 a 4500
008 100922s1965|||| d
245 1 0 _aDukelské noci
100 1 _aFiš, Teodor
260 _bVydavateľstvo politickej literatúry
_aBratislava
_c1965
020 _c10
044 _axo
_cSK
041 _aslo
999 _c10615
_d10615